|
|
|
|
| LEADER |
00000nam a22000007a 4500 |
| 005 |
20190321233710.0 |
| 007 |
cr|||| |||| |
| 008 |
190321s2017 es |||||s|||| 00||0 spa d |
| 020 |
|
|
|a 978-84-16608-80-5
|
| 035 |
|
|
|a 23181
|
| 040 |
|
|
|a vLex
|
| 090 |
|
|
|c 8498
|d 8498
|
| 100 |
1 |
|
|a Treviǫ Pascual, Mariano
|
| 245 |
1 |
0 |
|a Procedimiento de despido colectivo en las Administraciones pb︢licas
|h [Recurso electrn̤ico] /
|c Mariano Treviǫ Pascual
|
| 256 |
|
|
|a Servicio en ln̕ea
|
| 260 |
|
|
|a Albacete:
|b Editorial Bomarzo,
|c 2017
|
| 300 |
|
|
|a 1 recurso electrn̤ico
|
| 500 |
|
|
|a El autor analiza los requisitos del procedimientoo de despido colectivo en las Administraciones Pb︢licas y las singularidades que derivan para tales Administraciones del artc̕ulo 51 ET y de las disposiciones reglamentarias de desarrollo, deteniňdose en el anl̀isis de cada una de las especialidades que aparecen desde el inicio del procedimiento hasta la finalizacin̤ del periodo de consultas. Concluye la publicacin̤ manteniendo que la garanta̕ procedimental adicional de emitir un informe vn̕culante por el r̤gano competente en materia de personal, supone un desarrollo reglamentario ultra vires.
|
| 506 |
1 |
|
|a Disponible solo en los productos indicados
|d vLex Global
|d vLex Global (Academic Edition, excluding Law Schools)
|d vLex Global (U.S. Academic Edition, Law Schools)
|d vLex Global (U.S. Academic Edition, excluding Law Schools)
|d vLex Global (Academic Edition, Law Schools)
|
| 650 |
|
|
|a Funcin̤ Pb︢lica
|z Espaą
|
| 740 |
0 |
|
|a vLex Libros (Servicio en ln̕ea)
|
| 856 |
4 |
0 |
|u http://vlex.com/source/procedimiento-de-despido-colectivo-en-las-administraciones-publicas-23181
|z Acceso restringido
|
| 942 |
|
|
|c BOOK
|
| 999 |
0 |
|
|a Public function
|